| 000 | 00381nam a2200157Ia 4500 | ||
|---|---|---|---|
| 005 | 20250402053837.0 | ||
| 008 | 240331s9999 xx 000 0 und d | ||
| 082 |
_bWIC _a891 |
||
| 100 | _aWickramasinghe,M | ||
| 245 | 0 | _aPawkarayata gal gaseema | |
| 250 | _a10th | ||
| 260 |
_aDehiawala _bTissara Publications _c1994 |
||
| 300 | _a119 p ., | ||
| 650 | _aShort Stories | ||
| 942 | _cL | ||
| 999 |
_c5371 _d5371 |
||